Normal view
MARC view
- Carrasco Pizana, Pedro,
Entry Nombre Personal
001 - NUMERO DE CONTROL
- campo de control: 37479
003 - IDENTIFICADOR DE NUMERO DE CONTROL
- campo de control: UPN
005 - FECHA Y HORA DE LA ÜLTIMA TRANSACCIÓN
- campo de control: 20210219194525.0
008 - DATOS DE LONGITUD FIJA
- campo de control de longitud fija: nabaccnnaabn|||||||||| b |nc|||||d
035 ## - NUMERO DE CONTROL
- Número de control: UPN11000009586
040 ## - FUENTE DE CATALOGACIÓN
- Lenguaje de catalogación: SPA
- Agencia de transcripción: UPN
100 1# - ENCABEZAMIENTO - NOMBRE PERSONAL
- Nombre personal: Carrasco Pizana, Pedro,
- Fechas asociadas con el nombre: 1921-2012
400 1# - VEÁSE - NOMBRE DE PERSONA
- Personal name: Carrasco, Pedro,
- Dates associated with a name: 1921-2012
670 ## - FUENTE EN LA QUE SE LOCALIZARON DATOS
- Cita de la fuente: LC
680 ## - NOTA PUBLICA DE ACCESO PÚBLICO
- Frase explicativa de la referencia: Antropólogo, etnohistoriador y etnógrafo mexicano
902 ## - CATALOGADOR
- Catalogador: CAA/140815
